Roman Pontizzles Quiz Stats

 Plays Quiz not verified by Sporcle

Score 0/15 Timer 02:00
0 Plays Today
% Correct
Benedizzle
81.1%
Constantizzle
77.7%
Francizzle
77.7%
Innocizzle
75.9%
Urbizzle
75.6%
Gregorizzle
73.9%
Bonifizzle
73.5%
Valentizzle
71.8%
% Correct
Felizzle
67.5%
Theodizzle
59.8%
Martizzle
57.4%
Zacharizzle
52.2%
Conizzle
48%
Pontizzle
39%
Hormisdizzle
37.3%

You're not logged in!

Compare scores with friends on all Sporcle quizzes.
OR
Log In

Show Comments

Extras

Top Quizzes Today


Score Distribution

Your Account Isn't Verified!

In order to create a playlist on Sporcle, you need to verify the email address you used during registration. Go to your Sporcle Settings to finish the process.

Report this User

Report this user for behavior that violates our Community Guidelines.

Details: